Programmable logic controllers: programming methods and applications

Αποθηκεύτηκε σε:
Λεπτομέρειες βιβλιογραφικής εγγραφής
Κύριοι συγγραφείς: Hackworth, John R (Συγγραφέας), Hackworth, Frederick D (Συγγραφέας)
Μορφή: Βιβλίο
Γλώσσα:Αγγλικά
Έκδοση: Upper Saddle River Pearson 2004
Θέματα:
Ετικέτες: Προσθήκη ετικέτας
Δεν υπάρχουν, Καταχωρήστε ετικέτα πρώτοι!

MARC

LEADER 00000nam a2200000 a 4500
001 UCK6522
003 CL-VaPUC
008 051007e20040000us |||||||||||||||||eng|d
020 |a 0130607185 
082 0 4 |a 629.89  |b HAC  |2 21 
100 0 |a Hackworth, John R  |e author  |9 495876 
700 0 |a Hackworth, Frederick D  |e author  |9 495877 
245 1 0 |a Programmable logic controllers: programming methods and applications 
300 |a 303 p 
942 |c BK 
945 |d 20051007 00:00:00  |a cmena 
260 |a Upper Saddle River  |b Pearson  |c 2004 
500 |a Incluye Cd-Rom 
650 0 |a Control automático  |9 259890 
650 0 |a Ingeniería de software   |9 263866 
650 0 |a Programación de computadores   |9 259531 
650 0 |a Lenguajes de programación   |9 259458 
650 0 |a Software  |9 387312 
583 |a last modification  |c 20171204 01:03:13  |k Rodrigo Vera 
999 |c 314803  |d 314801 
952 |0 0  |1 0  |4 0  |6 629_890000000000000_HAC_2004  |7 0  |8 A  |9 387540  |a BIBING  |b BIBING  |d 2019-11-22  |i 4171896  |l 1  |m 2  |o 629.89 HAC 2004  |p 4171896  |r 2025-01-20  |s 2024-06-12  |w 2019-11-22  |y BK  |k EII